[Event "Tunja Univ Zona Oriente"]
[Site "Tunja"]
[Date "2009.09.07"]
[Round "2.1"]
[White "Gomez, Andres Felipe"]
[Black "Torres, David"]
[Result "1-0"]
[WhiteElo "2003"]
[BlackElo "1608"]
[PlyCount "73"]
[EventDate "2009.09.07"]
[EventType "swiss"]
[EventRounds "6"]
[EventCountry "COL"]
[SourceTitle "EXT 2024"]
[Source "ChessBase"]
[SourceDate "2023.10.10"]
[SourceVersion "1"]
[SourceVersionDate "2023.10.10"]
[SourceQuality "1"]

1. e4 c6 2. Nc3 d5 3. Qf3 dxe4 4. Nxe4 Nf6 5. Nxf6+ exf6 6. Bc4 Bd6 7. Ne2 Nd7 8. d4 Nb6 9. Bb3 Qc7 10. c4 Bb4+ 11. Nc3 Be6 12. c5 Nd5 13. 0-0 Bxc3 14. bxc3 0-0 15. c4 Ne7 16. d5 cxd5 17. cxd5 Qe5 18. Bf4 Bxd5 19. Bxe5 Bxf3 20. Bd6 Bc6 21. Bxe7 Rfe8 22. Rfe1 Rac8 23. f3 a6 24. Kf2 f5 25. Bd6 g6 26. Rxe8+ Rxe8 27. Re1 Rxe1 28. Kxe1 Kg7 29. Ke2 Kf6 30. g3 Bd7 31. Bd5 Bc8 32. Kd3 h5 33. h4 Kg7 34. Kc3 f6 35. Kb4 g5 36. f4 Kg6 37. Ka5 1-0